Perception de l'image à travers la novellisation littéraire contemporaine

Elmentve itt :
Bibliográfiai részletek
Szerző: Karácsonyi Judit
Testületi szerző: École doctorale francophone des pays de Visegrád, colloque international (21.) (2017) (Szeged)
Dokumentumtípus: Cikk
Megjelent: 2018
Sorozat:Acta Universitatis Szegediensis de Attila József Nominatae : acta romanica 30
Kulcsszavak:Romanisztika
Online Access:http://acta.bibl.u-szeged.hu/64610
LEADER 00795nab a2200193 i 4500
001 acta64610
005 20260224081030.0
008 200414s2018 hu o 000 fre d
022 |a 0567-8099 
040 |a SZTE Egyetemi Kiadványok Repozitórium  |b hun 
041 |a fre 
100 1 |a Karácsonyi Judit 
245 1 0 |a Perception de l'image à travers la novellisation littéraire contemporaine  |h [elektronikus dokumentum] /  |c  Karácsonyi Judit 
260 |c 2018 
300 |a 251-259 
490 0 |a Acta Universitatis Szegediensis de Attila József Nominatae : acta romanica  |v 30 
695 |a Romanisztika 
710 |a École doctorale francophone des pays de Visegrád, colloque international (21.) (2017) (Szeged) 
856 4 0 |u http://acta.bibl.u-szeged.hu/64610/1/romanica_030_251-259.pdf  |z Dokumentum-elérés